000 00257nam a2200097Ia 4500
008 230915s9999 xx 000 0 und d
050 _aQP34.5.M37.C.6
100 _aELAINE NICPON MARIEB
245 0 _aESSENTIALS OF HUMAN ANATOMY AND PHYSIOLOGY
942 _cBK
999 _c193936
_d193936